Papermaking Science and Technology Book 14: Process Control

Na minha lista:
Detalhes bibliográficos
Outros Autores: Leiviska, Kauko
Formato: Livro
Idioma:inglês
Publicado em: Helsinki Fapet Oy 1999
Assuntos:
Acesso em linha:View in OPAC
Tags: Adicionar Tag
Sem tags, seja o primeiro a adicionar uma tag!

MARC

LEADER 00000nam a2200000 a 4500
005 20260127134131.0
008 060327 1998 fi 000 0 eng d
020 |a 9525216144 
035 |a vtls008689021 
039 9 |y 200604061301  |z mschk03 
040 |a STUSCHK1  |b slo  |c STUSCHK1  |e AACR2 
080 |a 676(03) 
245 1 |a Papermaking Science and Technology  |b Book 14: Process Control 
260 |a Helsinki  |b Fapet Oy  |c 1999 
300 |a 297 p. 
650 0 |a papermaking science  |x technology 
700 1 |a Leiviska, Kauko 
910 |a SCHK95 
919 |a 952-5216-14-4 
999 |c 4848  |d 4848